|
|
|
|
| LEADER |
00000cam a22000002c 4500 |
| 001 |
1840055324 |
| 003 |
DE-627 |
| 005 |
20250707113013.0 |
| 007 |
cr uuu---uuuuu |
| 008 |
230324s2008 xx |||||o 00| ||eng c |
| 024 |
7 |
|
|a 10.3886/ICPSR23960.v1
|2 doi
|
| 035 |
|
|
|a (DE-627)1840055324
|
| 035 |
|
|
|a (DE-599)KXP1840055324
|
| 040 |
|
|
|a DE-627
|b ger
|c DE-627
|e rda
|
| 041 |
|
|
|a eng
|
| 084 |
|
|
|a 2,1
|2 ssgn
|
| 110 |
2 |
|
|a United States Department of Justice. Federal Bureau of Investigation
|e VerfasserIn
|4 aut
|
| 245 |
1 |
0 |
|a Uniform Crime Reporting Program Data (United States): Hate Crime Data, 1994 (Record-Type Files)
|
| 264 |
|
1 |
|a [Erscheinungsort nicht ermittelbar]
|b [Verlag nicht ermittelbar]
|c 2008
|
| 336 |
|
|
|a Text
|b txt
|2 rdacontent
|
| 337 |
|
|
|a Computermedien
|b c
|2 rdamedia
|
| 338 |
|
|
|a Online-Ressource
|b cr
|2 rdacarrier
|
| 520 |
|
|
|a In response to a growing concern about hate crimes, the United States Congress enacted the Hate Crime Statistics Act of 1990. The Act requires the attorney general to establish guidelines and collect, as part of the Uniform Crime Reporting (UCR) Program, data "about crimes that manifest evidence of prejudice based on race, religion, sexual orientation, or ethnicity, including where appropriate the crimes of murder and non-negligent manslaughter, forcible rape, aggravated assault, simple assault, intimidation, arson, and destruction, damage or vandalism of property." Hate crime data collection was required by the Act to begin in calendar year 1990 and to continue for four successive years. In September 1994, the Violent Crime Control and Law Enforcement Act amended the Hate Crime Statistics Act to add disabilities, both physical and mental, as factors that could be considered a basis for hate crimes. Although the Act originally mandated data collection for five years, the Church Arson Prevention Act of 1996 amended the collection duration "for each calendar year," making hate crime statistics a permanent addition to the UCR program. As with the other UCR data, law enforcement agencies contribute reports either directly or through their state reporting programs. Information contained in the data includes number of victims and offenders involved in each hate crime incident, type of victims, bias motivation, offense type, and location type.
|
| 540 |
|
|
|a ICPSR Terms of Use
|
| 650 |
0 |
7 |
|0 (DE-588)4563128-1
|0 (DE-627)305134345
|0 (DE-576)213741776
|a Hate Crime
|2 gnd
|
| 650 |
|
4 |
|a Uniform Crime Reports
|
| 650 |
|
4 |
|a Arrests
|
| 650 |
|
4 |
|a Crime rates
|
| 650 |
|
4 |
|a Crime reporting
|
| 650 |
|
4 |
|a Crime Statistics
|
| 650 |
|
4 |
|a Disabilities
|
| 650 |
|
4 |
|a Discrimination
|
| 650 |
|
4 |
|a Ethnicity
|
| 650 |
|
4 |
|a Hate crimes
|
| 650 |
|
4 |
|a Homophobia
|
| 650 |
|
4 |
|a Law Enforcement
|
| 650 |
|
4 |
|a Offenses
|
| 650 |
|
4 |
|a Prejudice
|
| 650 |
|
4 |
|a racial tensions
|
| 650 |
|
4 |
|a Religion
|
| 650 |
|
4 |
|a Violence
|
| 651 |
|
7 |
|0 (DE-588)4078704-7
|0 (DE-627)106076612
|0 (DE-576)209209682
|a Usa
|2 gnd
|
| 655 |
|
7 |
|a Forschungsdaten
|y 1994
|0 (DE-588)1098579690
|0 (DE-627)857755366
|0 (DE-576)469182156
|2 gnd-content
|
| 787 |
0 |
8 |
|i Forschungsdaten zu
|a Fouka, Vasiliki
|t Changing Ingroup Boundaries: The Effect of Immigration on Race Relations in the US
|d Institute of Labor Economics, 2021
|w (DE-627)1912475537
|
| 787 |
0 |
8 |
|i Forschungsdaten zu
|a Fouka, Vasiliki
|t Changing In-Group Boundaries: The Effect of Immigration on Race Relations in the US
|d [Erscheinungsort nicht ermittelbar] : [Verlag nicht ermittelbar], 2020
|w (DE-627)1912475545
|
| 787 |
0 |
8 |
|i Forschungsdaten zu
|a Deloughery, Kathleen
|t Close cousins or distant relatives? The relationship between terrorism and hate crime
|d 2012
|w (DE-627)1912481545
|
| 787 |
0 |
8 |
|i Forschungsdaten zu
|a Edwards, Griffin
|t The Effect of President Trump's Election on Hate Crimes
|d [Erscheinungsort nicht ermittelbar] : [Verlag nicht ermittelbar], 2018
|w (DE-627)1912529467
|
| 787 |
0 |
8 |
|i Forschungsdaten zu
|a Jaskiewicz, Anna M.
|t Essays in Applied Microeconomics
|d [Erscheinungsort nicht ermittelbar] : University of California Santa Barbara, 2024
|w (DE-627)1912538814
|
| 787 |
0 |
8 |
|i Forschungsdaten zu
|a Romero-Ciavatto, J.G.
|t Exposure to Islamophobia: The impacts of an increased risk of bullying victimization on human capital
|d 2024
|w (DE-627)1912552884
|
| 787 |
0 |
8 |
|i Forschungsdaten zu
|a Mills, Colleen E.
|t Extreme hatred: Revisiting the hate crime and terrorism relationship to determine whether they are 'close cousins' or 'distant relatives'
|d 2017
|w (DE-627)1912553481
|
| 787 |
0 |
8 |
|i Forschungsdaten zu
|a Fisher, Christopher M.
|t Extreme Prejudice: A Behavioral Analysis of Bias-Motivated Homicide
|d [Erscheinungsort nicht ermittelbar] : City University of New York, 2007
|w (DE-627)1912553511
|
| 787 |
0 |
8 |
|i Forschungsdaten zu
|a Center for the Study of Hate and Extremism at California State University
|t Final U.S. Status Report: Hate Crime Analysis and Forecast for 2016/2017
|d California State University, 2017
|w (DE-627)1912559463
|
| 787 |
0 |
8 |
|i Forschungsdaten zu
|a Petach, Luke
|t Hate crime and human capital
|d 2024
|w (DE-627)1912570874
|
| 787 |
0 |
8 |
|i Forschungsdaten zu
|a Cikara, Mina
|t Hate Crime Increases With Minoritized Group Rank
|d Harvard Business School, 2020
|w (DE-627)1912570912
|
| 787 |
0 |
8 |
|i Forschungsdaten zu
|a Cikara, Mina
|t Hate crime towards minoritized groups increases as they increase in size-based rank
|d 2022
|w (DE-627)191257120X
|
| 787 |
0 |
8 |
|i Forschungsdaten zu
|a King, Ryan D.
|t High times for hate crimes: Explaining the temporal clustering of hate-motivated offending
|d 2013
|w (DE-627)1912573881
|
| 787 |
0 |
8 |
|i Forschungsdaten zu
|a Gould, Eric D., 1968 -
|t Islamic Terrorism, Backlash, and the Assimilation of Muslim Immigrants in Western Countries
|d Centre for Economic Policy Research, 2015
|h Online-Ressource
|w (DE-627)1912599031
|
| 787 |
0 |
8 |
|i Forschungsdaten zu
|a Kros, Mathijs
|t Longitudinal changes in interracial hate crimes in the USA, 1990-2014: Does racial composition matter?
|d 2022
|w (DE-627)1912612062
|
| 787 |
0 |
8 |
|i Forschungsdaten zu
|a Levin, Brian
|t New data shows US hate crimes continued to rise in 2017
|d The Conversation, 2018
|h Online-Ressource
|w (DE-627)1912635607
|
| 787 |
0 |
8 |
|i Forschungsdaten zu
|a Nolan, James J.
|t Preventing rural hate crime
|d Routledge, 2020
|w (DE-627)191266254X
|
| 787 |
0 |
8 |
|i Forschungsdaten zu
|a Levin, Brian
|t Report to the Nation: Hate Crimes Rise in U.S. Cities and Counties in Time of Division and Foreign Interference
|d Center for the Study of Hate and Extremism at California State University, 2018
|w (DE-627)1912686422
|
| 787 |
0 |
8 |
|i Forschungsdaten zu
|a Mason, Patrick L., 1958 -
|t Stigmatization and Racial Selection after September 11, 2001: Self-identity among Arab and Islamic Americans
|d [Erscheinungsort nicht ermittelbar] : Florida State University, 2013
|w (DE-627)1912712962
|
| 787 |
0 |
8 |
|i Forschungsdaten zu
|a Dugan, Laura
|t Threat, emboldenment, or both? The effects of political power violent hate crimes
|d 2020
|w (DE-627)1912724200
|
| 787 |
0 |
8 |
|i Forschungsdaten zu
|a Ortega, Alberto
|t Trade liberalization and racial animus
|d 2021
|w (DE-627)1912727048
|
| 856 |
4 |
0 |
|u https://doi.org/10.3886/ICPSR23960.v1
|x Resolving-System
|z kostenfrei
|3 Volltext
|7 0
|
| 935 |
|
|
|a mkri
|
| 951 |
|
|
|a BO
|
| ELC |
|
|
|a 1
|
| LOK |
|
|
|0 000 xxxxxcx a22 zn 4500
|
| LOK |
|
|
|0 001 4296802909
|
| LOK |
|
|
|0 003 DE-627
|
| LOK |
|
|
|0 004 1840055324
|
| LOK |
|
|
|0 005 20230324125240
|
| LOK |
|
|
|0 008 230324||||||||||||||||ger|||||||
|
| LOK |
|
|
|0 035
|a (DE-2619)ICPSR23960
|
| LOK |
|
|
|0 040
|a DE-2619
|c DE-627
|d DE-2619
|
| LOK |
|
|
|0 092
|o n
|
| LOK |
|
|
|0 852
|a DE-2619
|
| LOK |
|
|
|0 852 1
|9 00
|
| LOK |
|
|
|0 935
|a foda
|a nacj
|
| LOK |
|
|
|0 939
|a 24-03-23
|b l01
|
| OAS |
|
|
|a 1
|
| ORI |
|
|
|a SA-MARC-krimdoka001.raw
|
| TIM |
|
|
|a 100019940101_100019941231
|b 1994 - 1994
|